Lebensmittel, die nach Personen benannt sind - Statistiken

Allgemein
  • Dieses Quiz wurde 761 mal gespielt
  • Das Durchschnittsergebnis liegt bei 8 aus 22
Antwortstatistiken
Lebensmittel Person Antwort % Korrekt
Praline aus Schokolade, Marzipan, Pistazie und Nougat Komponist der Wiener Klassik, komponierte die kleine Nachtmusik und die Zauberflöte Mozartkugel
94%
Schokoladenkuchen mit Schichten aus Marillenkonfitüre Bäcker, welcher den Kuchen erfand. Nachkommen gründeten ein bekanntes Hotel in Wien Sachertorte
69%
Cocktail aus Wodka, Tomatensaft, Zitronensaft, Worcestershiresauce und Gewürzen Letzte katholische Königin Englands, welche Protestanten verfolgen ließ Bloody Mary
58%
Sauer marinierter Hering, traditionell mit Zwiebeln und Salat im Brötchen gegessen "Eiserner Kanzler", welcher eine tragende Rolle bei der deutschen Reichseinigung spielte Bismarckhering
57%
Vielfältige Zutaten, welche von zwei Brotscheiben umgeben sind Britischer Staatsmann und Minister der Admiralität, nach dem auch eine Inselgruppe im Südatlantik benannt wurde Sandwich
55%
Rechteckiger Butterkeks der Firma Bahlsen mit 52 Zähnen Universalgenie, welches binärische Zahlen erforschte, die Monadentheorie der Philosophie aufstellte und eine Rechenmaschine erfand Leibniz-Keks
54%
Mit Bergamotte aromatisierter Schwarztee Britischer Premierminister, welcher Sklaverei in den Kolonien verbot und das Monopol der East India Company aufhob Earl Grey
48%
Italienischer Teigfladen, traditionell mit Tomaten, Basilikum und Mozzarella überbacken Als Ehefrau von König Umberto I. von Italien bekannt Pizza Margherita
46%
Mit geschmolzenem Käse übergossene Tortilla-Chips Mexikanischer Koch, welcher dieses Gericht erfand Nachos
45%
Der Mandarine ähnliche Zitrusfrucht Französischer Missionar in Algerien, welche diese Frucht züchtete Clementine
41%
Dünn geschnittenes rohes Rindfleisch, häufig mit Rucola serviert Venezianischer Maler der Frührenaissance Carpaccio
36%
Schoko-, Vanille- und Erdbeereis Preußischer Adliger, welcher sich in Muskau ein Schloss mit berühmter Gartenanlage erbauen ließ Fürst Pückler Eis
25%
Geräucherter Dornhai oder mit Sahne gefüllter gerollter Blätterteig Schriftsteller der Weimarer Klassik, schrieb die Räuber und Willhelm Tell Schillerlocke
25%
Geschnetzeltes aus Rinderfilet mit Zwiebeln, Rahm und Senf Russischer Adliger, dessen Köche das Gericht erfunden haben sollen Bœuf Stroganoff
23%
Rinderfilet mit Pilzen und Blätterteig ummantelt General, welcher das britische Heer während der Schlacht von Waterloo kommandierte Beef Wellington
20%
Kleines Süßgebäck aus Sandkuchenteig in einer Art länglicher Muschelform Erfinderin des Gerichtes, welche als Köchin am Hof des Herzogs von Lothringen arbeitete Madeleine
14%
Russischer Kuchen, welcher aus Blätterteig und Buttercremeschichten besteht Erster Kaiser Frankreichs, welcher zeitweise fast ganz Kontinentaleuropa dominierte Napoleon-Torte
13%
Vanilleeis mit halbem Pfirsich, Zuckersirup und Himbeerpüree Australische Opernsängerin, welche Ende des 19. und Anfang des 20. zu den bekanntesten Primadonnen der Oper gehörte Pfirsich Melba
12%
Alkoholfreier Cocktail aus Ginger Ale, Grenadine und Cocktailkirsche Schauspielerin, welche vor allem für ihre Kindheitsrollen in den 30er/40er Jahren mit Sang und Tanzeinlagen bekannt ist Shirley Temple
10%
Amerikanischer Keks aus Vollkornmehl Prediger, welcher Enthaltsamkeit von Alkohol, Fleisch und Masturbation predigte Graham-Cracker
5%
Doppellendensteak vom RInd, welches häufig mit Sauce Béarnaise serviert wird Adliger Schriftsteller, welcher als Begründer der Romantik in Frankreich gilt. Schrieb Atala und René Chateaubriand
3%
Frittiertes Hühnchen in Süß-Würziger Soße Chinesischer Militär, welcher sich an der Niederschlagung des Taiping-Aufstandes beteiligte General Tsos Hühnchen
1%
Keine übereinstimmenden Quizze gefunden
Verteilung der Resultate
Anzahl Personen mit jedem Resultat
Perzentil nach korrekt beantworteten Fragen
Ihre Resultats-Entwicklung
Sie haben dieses Quiz noch nicht gespielt